| 000 | 01275nam a2200205 a 4500 | ||
|---|---|---|---|
| 008 | 180528e2010 ag ||||g |||| 00| f spa d | ||
| 020 | _a9789875665521 | ||
| 041 | _aspa | ||
| 092 |
_c808 _l95 _sWOO |
||
| 100 | 1 |
_aWood, Barbara _93933 |
|
| 245 | 3 |
_aLa profetisa / _cBarbara Wood |
|
| 250 | _a1a ed. | ||
| 260 |
_aBuenos Aires: _bDebolsillo; _c2010. |
||
| 300 | _a407 p. | ||
| 500 | _aWood, B. (2010). La profetisa. (1a ed.). Buenos Aires : Debolsillo. | ||
| 505 | _aA las puertas del nuevo milenio, la arqueóloga Catherine Alexander descubre en el Sinaí seis papiros escritos en el siglo I d.C, en los que se menciona el nombre de Jesús y que contiene unas revelaciones inquietantes, de un valor histórico y espiritual incalculable. Pronto se propaga la noticia del hallazgo, y desde ese mismo momento a Catherine no le quedará otro remedio que huir. Con la ayuda de otro arqueólogo y de un sacerdote con el que establece una ambigua relación, emprenderá una carrera contrarreloj para tratar de preservar los manuscritos de la codicia de gobiernos, coleccionistas sin escrúpulos y la propia iglesia, que ve temblar sus propios fundamentos. | ||
| 590 | _aProyecto 4to libro. Donación Victoria Lara, mayo 2018 | ||
| 655 |
_aLiteratura _92917 |
||
| 942 |
_2ddc _cLIT |
||
| 999 |
_c2808 _d2808 |
||